Kde je a kde nie je ekonomická sloboda index znovu zaraďuje Slovensko do svetovej elity

Informácia o poradí krajín podľa indexu ekonomickej slobody. Umiestnenie Slovenskej republiky. Základné princípy podľa ktorých sa zostavuje Index ekonomickej slobody.

Salvato in:
Dettagli Bibliografici
Natura: Capitolo di libro
Lingua:slovacco
Soggetti:
Tags: Aggiungi Tag
Nessun Tag, puoi essere il primo ad aggiungerne!!

MARC

LEADER 00000naa$a2200000$$$4500
001 0105163
005 20220725111423.8
041 0 |a slo 
044 |a SK 
245 1 0 |a Kde je a kde nie je ekonomická sloboda  |b index znovu zaraďuje Slovensko do svetovej elity 
520 |a Informácia o poradí krajín podľa indexu ekonomickej slobody. Umiestnenie Slovenskej republiky. Základné princípy podľa ktorých sa zostavuje Index ekonomickej slobody. 
610 2 0 |a sloboda ekonomická 
610 2 0 |a Slovensko 
610 2 0 |a porovnanie medzinárodné 
610 2 0 |a korupcia 
610 2 0 |a konkurencieschopnosť